00378pab a2200133 454500008004000000100002600040245007600066260000900142300001400151362001100165650001400176650002000190773003400210180718b2005 xxu||||| |||| 00| 0 eng d aPraveenlal, K. et al. aHealthcare and user charges: study of Thrissur Medical College Hospital c2005 ap.615-17. a12 Feb aHospitals aHealth services aEconomic and Political Weekly